| 000 -LEADER | |
|---|---|
| fixed length control field | 00529nam a22001817a 4500 |
| 005 - DATE AND TIME OF LATEST TRANSACTION | |
| control field | 20251127112929.0 |
| 008 - FIXED-LENGTH DATA ELEMENTS--GENERAL INFORMATION | |
| fixed length control field | 251121b |||||||| |||| 00| 0 eng d |
| 020 ## - INTERNATIONAL STANDARD BOOK NUMBER | |
| ISBN | 978-81-19613-29-8 |
| 041 ## - LANGUAGE CODE | |
| Language code of text/sound track or separate title | eng |
| 082 ## - DEWEY DECIMAL CLASSIFICATION NUMBER | |
| Classification number | 616 KUM-C |
| 100 ## - MAIN ENTRY--AUTHOR NAME | |
| Personal name | KUMAR, DR. A PRASANNA VEERA |
| 245 ## - TITLE STATEMENT | |
| Title | COMPETENCY BASED HUMAN ANATOMY AS PER REVISED NMC CURRICULAM VOL-1, 2, 3.] |
| 250 ## - EDITION STATEMENT | |
| Edition statement | 2ND ED. 2024 |
| 260 ## - PUBLICATION, DISTRIBUTION, ETC. (IMPRINT) | |
| Place of publication | NEW DELHI |
| Name of publisher | INNOVATIVE PUBLICATION PVT LTD |
| Year of publication | 2025 |
| 300 ## - PHYSICAL DESCRIPTION | |
| Number of Pages | 407;P |
| 650 ## - SUBJECT ADDED ENTRY--TOPICAL TERM | |
| Topical Term | PHARMACY |
| General subdivision | B.PHARMA |
| 942 ## - ADDED ENTRY ELEMENTS (KOHA) | |
| Koha item type | Books |
| Lost status | Damaged status | Collection code | Home library | Current library | Shelving location | Date acquired | Source of acquisition | Cost, normal purchase price | Serial Enumeration / chronology | Full call number | Accession Number | Koha item type |
|---|---|---|---|---|---|---|---|---|---|---|---|---|
| PHARMACY | JRU Library | JRU Library | SHELF-3-D | 14/11/2025 | PURCHASE | 2495.00 | VOL-I | 616 | 29043 | Books | ||
| PHARMACY | JRU Library | JRU Library | 14/11/2025 | PURCHASE | 2495.00 | VOL-II | 616 | 29044 | Books | |||
| PHARMACY | JRU Library | JRU Library | 14/11/2025 | PURCHASE | 2495.00 | VOL-III | 616 | 29045 | Books |